000 00745nas a2200241 4500
001 BR8401532
003 BR-BrBNA
005 20231205085839.0
007 ta
008 230509b bl.|||p| |||| 00| 00por d
040 _aBR-BrBNA
_bpor
_cBiblioteca Nacional de Agricultura
041 _a(Pt)
072 _aH10
100 1 _aBarbosa, S.
245 1 _aA protecao das hortalicas com os piretroides sinteticos
246 1 _a[Synthetic pyrethroids for the protection of vegetables]
650 _aHORTALICA
650 _aINSETICIDA
650 _aINSETICIDA PIRETROIDE
773 0 _tHorticultura Brasileira (Brazil)
_xISSN 0102-0536
_g(May 1984), v. 2(1) p. 3-5
_wBR8401532
909 _a202311
_bLúcia
_c55
_dLúcia Elande
942 _2AGRIS
_n0
_cANA
999 _c114245
_d114245